00733nam a22001937a 4500003000400000005001700004008003800021040002500059082001500084100003200099245011800131260005200249300003300301590002600334910001400360942001400374952013400388999001700522OSt20201124075132.0130909s1987 dr ac 001 0 spa d aDO-SdBNPbspacBNPHU axxxxbxxxx1 aMiranda M., Pedro N.95690310aVigencia de Lenin en la era de Gorbachov :bel testamento que exploto 70 años después /cPedro N. Miranda M. aCaracas, Venezuela:bEdiciones Sextante;c1987. a171 p. ;bil., rest.c20 cm. aInventariado,2020/ YL aYLockward 2ddccLBS1 00102ddc5171aBNPHUbBNPHUcCTd2014-11-24eChiqui Vicioso / Fidelio D.l0oxxxx xxxxp2020-0572r2020-11-24w2020-11-24yLBS1 c49189d49189